|
|
|
|
| LEADER |
01902nam a2200457 a 4500 |
| 001 |
EBC3444757 |
| 003 |
MiAaPQ |
| 005 |
20200520144314.0 |
| 006 |
m o d | |
| 007 |
cr cn||||||||| |
| 008 |
050324s2006 wiuab sb s001 0 eng |
| 010 |
|
|
|z 2005008261
|
| 015 |
|
|
|a GBA581704
|2 bnb
|
| 016 |
7 |
|
|z 013301130
|2 Uk
|
| 020 |
|
|
|z 0299213609 (hardcover : alk. paper)
|
| 020 |
|
|
|z 0299213641 (pbk. : alk. paper)
|
| 035 |
|
|
|a (MiAaPQ)EBC3444757
|
| 035 |
|
|
|a (Au-PeEL)EBL3444757
|
| 035 |
|
|
|a (CaPaEBR)ebr10223894
|
| 035 |
|
|
|a (OCoLC)226968934
|
| 040 |
|
|
|a MiAaPQ
|c MiAaPQ
|d MiAaPQ
|
| 043 |
|
|
|a f-cg---
|a f-za---
|
| 050 |
|
4 |
|a DT3140.L83
|b G67 2006
|
| 082 |
0 |
4 |
|a 968.94
|2 22
|
| 100 |
1 |
|
|a Gordon, David M.,
|d 1970-
|
| 245 |
1 |
0 |
|a Nachituti's gift
|h [electronic resource] :
|b economy, society, and environment in central Africa /
|c David M. Gordon.
|
| 260 |
|
|
|a Madison :
|b University of Wisconsin Press,
|c c2006.
|
| 300 |
|
|
|a xiii, 304 p. :
|b ill., maps.
|
| 490 |
1 |
|
|a Africa and the diaspora
|
| 504 |
|
|
|a Includes bibliographical references (p. 261-290) and index.
|
| 533 |
|
|
|a Electronic reproduction. Ann Arbor, MI : ProQuest, 2015. Available via World Wide Web. Access may be limited to ProQuest affiliated libraries.
|
| 650 |
|
0 |
|a Fisheries
|x Economic aspects
|z Luapula River Valley (Zambia and Congo)
|
| 650 |
|
0 |
|a Fish trade
|z Luapula River Valley (Zambia and Congo)
|
| 650 |
|
0 |
|a Bemba (African people)
|x Economic conditions.
|
| 651 |
|
0 |
|a Luapula River Valley (Zambia and Congo)
|x Social life and customs.
|
| 651 |
|
0 |
|a Luapula River Valley (Zambia and Congo)
|x Economic conditions.
|
| 651 |
|
0 |
|a Luapula River Valley (Zambia and Congo)
|x Environmental conditions.
|
| 655 |
|
4 |
|a Electronic books.
|
| 710 |
2 |
|
|a ProQuest (Firm)
|
| 830 |
|
0 |
|a Africa and the diaspora.
|
| 856 |
4 |
0 |
|u https://ebookcentral.proquest.com/lib/matrademy/detail.action?docID=3444757
|z Click to View
|